Fr. Conceicao Rodrigues College of Engineering

Set theory and related topics:Schaums (Record no. 24424)

MARC details
000 -LEADER
fixed length control field 00377nam a2200169Ia 4500
082 ## - DEWEY DECIMAL CLASSIFICATION NUMBER
Classification number 511.322
Item number LIP
100 ## - MAIN ENTRY--PERSONAL NAME
Personal name Lipschutz/Seymour
245 ## - TITLE STATEMENT
Title Set theory and related topics:Schaums
260 ## - PUBLICATION, DISTRIBUTION, ETC.
Name of publisher, distributor, etc. Tata McGraw Hil
Date of publication, distribution, etc. 1998
366 ## - TRADE AVAILABILITY INFORMATION
Publishers's discount category 25
300 ## - PHYSICAL DESCRIPTION
Extent 282
546 ## - LANGUAGE NOTE
Language note ENGLISH
-- production
650 ## - SUBJECT ADDED ENTRY--TOPICAL TERM
Topical term or geographic name entry element Set theory
654 ## - SUBJECT ADDED ENTRY--FACETED TOPICAL TERMS
Focus term set theory
942 ## - ADDED ENTRY ELEMENTS (KOHA)
Koha item type BOOK
Holdings
Withdrawn status Lost status Damaged status Not for loan Collection Home library Current library Date acquired Source of acquisition Cost, normal purchase price Inventory number Total Checkouts Full call number Barcode Date last seen Cost, replacement price Price effective from Koha item type
        CRC Fr. Agnel's C.Rodrigues College of Engineering Fr. Agnel's C.Rodrigues College of Engineering 17/03/2023 Book Base 206.25 9634 dt 28/04/2010   511.322 LIP 20577 17/03/2023 275.00   BOOK